| 000 | 00340nam a2200133Ia 4500 | ||
|---|---|---|---|
| 008 | 210210b1956 xxu||||| |||| 00| 0 eng d | ||
| 082 | _a306.0973 PETA | ||
| 100 | _aPETERSEN (William). | ||
| 245 | _aAmerican social patterns. | ||
| 260 |
_aNY _bDoubleday Anchor Books _c1956 |
||
| 300 | _a263 | ||
| 690 | _aAmerican Society | ||
| 906 | _a041078 | ||
| 999 |
_c90932 _d90932 |
||